| 000 | 00462aam a2200181 4500 | ||
|---|---|---|---|
| 005 | 20240430133930.0 | ||
| 008 | 150909b2006 xxu||||| |||| 00| 0 spa d | ||
| 020 | _a844942917X | ||
| 041 | _aESP | ||
| 082 | _a500.078 D448d2 | ||
| 245 | _aDescubrir cómo funciona: actividades experimentales para aprender los valores | ||
| 260 | _aEspaña | ||
| 260 | _bOcéano | ||
| 260 | _c2006 | ||
| 300 | _a112 páginas | ||
| 650 | _aEXPERIMENTOS | ||
| 942 |
_cBK _2ddc |
||
| 999 |
_c13684 _d13684 |
||